书目信息 |
| 题名: |
新课程中学数学实用教学80法
|
|
| 作者: | 叶立军 主编 | |
| 分册: | ||
| 出版信息: | 广州 广东教育出版社 2004 |
|
| 页数: | 330页 | |
| 开本: | 20cm | |
| 丛书名: | 新课程实用教学法丛书 | |
| 单 册: | ||
| 中图分类: | G633.602 | |
| 科图分类: | ||
| 主题词: | 数学--教学法--中学 , 教学法 | |
| 电子资源: | ||
| ISBN: | 7-5406-5456-2 | |
| 000 | 00933oam2 2200277 450 | |
| 001 | 070027457970 | |
| 005 | 20051227090101.98 | |
| 010 | @a7-5406-5456-2@dCNY20.50 | |
| 092 | @aCN | |
| 100 | @a20050705d2004 ekmy0chiy0120 ea | |
| 101 | 0 | @achi |
| 102 | @aCN@b440000 | |
| 105 | @ay z 000yy | |
| 200 | 1 | @a新课程中学数学实用教学80法@9xin ke cheng zhong xue shu xue shi yong jiao xue 80 fa@f叶立军主编@Fye li jun zhu bian |
| 210 | @a广州@c广东教育出版社@d2004 | |
| 215 | @a330页@d20cm | |
| 225 | 2 | @a新课程实用教学法丛书 |
| 330 | @a本书分为综合学习指导篇、数学思想方法篇、解题方法指导篇和教学方法指导篇四个部分,全书努力给出数学教师在教学中遇到的各种问题时的对策和编者们的感悟。 | |
| 461 | 0 | @12001 @a新课程实用教学法丛书 |
| 606 | 0 | @a数学@x教学法@x中学 |
| 606 | 0 | @a教学法 |
| 690 | @aG633.602@v4 | |
| 701 | 0 | @a叶立军@Aye li jun@4主编 |
| 801 | 0 | @aCN@bNLC@c20051227 |
| 905 | @a10447@dG633.602@e338 | |
| 999 | @aAFJ | |
| 新课程中学数学实用教学80法/叶立军主编.-广州:广东教育出版社,2004 |
| 330页;20cm.-(新课程实用教学法丛书) |
| ISBN 7-5406-5456-2:CNY20.50 |
| 本书分为综合学习指导篇、数学思想方法篇、解题方法指导篇和教学方法指导篇四个部分,全书努力给出数学教师在教学中遇到的各种问题时的对策和编者们的感悟。 |
| ● |
| 相关链接 |
|
|
|
|
正题名:新课程中学数学实用教学80法
索取号:G633.602/338
 
预约/预借
| 序号 | 登录号 | 条形码 | 馆藏地/架位号 | 状态 | 备注 |
| 1 | 0372718 | 203727182 | 第一样本阅览室/ [索取号:G633.602/338] | 在馆 | |
| 2 | 0372719 | 203727191 | 第四借阅区/ [索取号:G633.602/338] | 在馆 | |
| 3 | 0372720 | 203727208 | 第四借阅区/ [索取号:G633.602/338] | 在馆 | |
| 4 | 0372721 | 203727217 | 第四借阅区/ [索取号:G633.602/338] | 在馆 | |
| 5 | 0372722 | 203727226 | 第四借阅区/ [索取号:G633.602/338] | 在馆 |